[Event "DEM U16w 2008"]
[Site "Willingen GER"]
[Date "2008.05.13"]
[Round "4"]
[White "Velina, Valeria"]
[Black "Wild, Katharina"]
[Result "1/2-1/2"]
[Termination "normal"]
[Board "9"]
[WhiteElo "1565"]
[BlackElo "1882"]
[PlyCount "43"]
[WhiteFideId "24677345"]
[BlackFideId "24678015"]
[EventCountry "GER"]
[EventRounds "9"]
[EventType "swiss"]
[EventDate "2008.05.10"]

1. e4 c6 2. d4 d5 3. Nc3 dxe4 4. Nxe4 Bf5 5. Ng3 Bg6 6. Nf3 Nd7 7. Bd3 Qc7 8.
O-O e6 9. Re1 O-O-O 10. h3 Ngf6 11. Ng5 Nb6 12. c3 Bd6 13. N3e4 Nxe4 14. Nxe4
Bxe4 15. Bxe4 h6 16. b3 g5 17. c4 Be5 18. Bb2 c5 19. Bxb7+ Qxb7 20. Rxe5 cxd4
21. Rc5+ Kb8 22. Qd2 1/2-1/2

[Event "DEM U16w 2008"]
[Site "Willingen GER"]
[Date "2008.05.13"]
[Round "4"]
[White "Schöbel, Ulrike"]
[Black "Wisheckel, Lena"]
[Result "1/2-1/2"]
[Termination "normal"]
[Board "10"]
[WhiteElo "1258"]
[BlackElo "1702"]
[PlyCount "35"]
[BlackFideId "24691992"]
[EventCountry "GER"]
[EventRounds "9"]
[EventType "swiss"]
[EventDate "2008.05.10"]

1. d4 c5 2. c3 b6 3. Bf4 d6 4. e4 Bb7 5. Nd2 Nd7 6. Ngf3 g6 7. Bc4 Ngf6 8. Qb3
e6 9. Bd3 d5 10. exd5 Nxd5 11. Bg3 Bg7 12. dxc5 Nxc5 13. Bb5+ Nd7 14. Ne5 Bxe5
15. Bxe5 O-O 16. Bxd7 Qxd7 17. O-O-O Qe7 18. Ne4 1/2-1/2

[Event "DEM U16w 2008"]
[Site "Willingen GER"]
[Date "2008.05.13"]
[Round "4"]
[White "Falke, Cynthia"]
[Black "Kinzel, Tiffany"]
[Result "0-1"]
[Termination "normal"]
[Board "11"]
[WhiteElo "1227"]
[BlackElo "1659"]
[PlyCount "100"]
[WhiteFideId "24600644"]
[BlackFideId "4633741"]
[EventCountry "GER"]
[EventRounds "9"]
[EventType "swiss"]
[EventDate "2008.05.10"]

1. e4 c5 2. Nc3 d6 3. g3 Nc6 4. Bg2 g6 5. d3 Bg7 6. Be3 Nd4 7. Qd2 Qa5 8. h4 h5
9. a3 Nh6 10. f3 Rb8 11. Rb1 f5 12. Nce2 Nxc2+ 13. Kf2 Qxd2 14. Bxd2 Nd4 15.
Nh3 e6 16. Ng5 Bd7 17. Nf4 Rg8 18. b4 Nf7 19. Nxf7 Kxf7 20. Rhc1 Rgc8 21. Bf1
b5 22. Kg2 a6 23. Kf2 Rc6 24. Ne2 Rbc8 25. Ke3 Nxe2 26. Bxe2 Bd4+ 27. Kf4 Be5+
28. Kg5 f4 29. Bc3 Bxc3 30. Rxc3 cxb4 31. Rxc6 Rxc6 32. axb4 fxg3 33. Kf4 Rc2
34. Ke3 Kf6 35. f4 e5 36. Bf3 exf4+ 37. Kxf4 Rd2 38. Ke3 Rc2 39. Rf1 Kg7 40.
Rg1 Rb2 41. Rxg3 Kf6 42. Rg5 Rxb4 43. Rd5 Ke7 44. Rg5 Be8 45. Kd2 a5 46. Rg1
Rb2+ 47. Kc3 Rh2 48. Rh1 Rxh1 49. Bxh1 Ke6 50. Bf3 Ke5 0-1

[Event "DEM U16w 2008"]
[Site "Willingen GER"]
[Date "2008.05.13"]
[Round "4"]
[White "Begeluri, Nino"]
[Black "Rolfs, Rebecca"]
[Result "1-0"]
[Termination "normal"]
[Board "13"]
[WhiteElo "1522"]
[BlackElo "1215"]
[PlyCount "63"]
[BlackFideId "24658219"]
[EventCountry "GER"]
[EventRounds "9"]
[EventType "swiss"]
[EventDate "2008.05.10"]

1. e4 e5 2. Nf3 Nc6 3. d4 exd4 4. Nxd4 Bc5 5. Nxc6 bxc6 6. Bd3 d6 7. O-O Ne7 8.
Nc3 O-O 9. Qf3 Bd7 10. Bd2 f5 11. Qg3 fxe4 12. Nxe4 Bb6 13. Ng5 Bf5 14. Bxf5
Rxf5 15. Ne6 Rf7 16. Nxd8 Rxd8 17. Rae1 Ng6 18. Be3 Bxe3 19. Qxe3 a6 20. Qc3 c5
21. Qc4 Ra8 22. Qd5 Rc8 23. Qc6 Rcf8 24. Re8 Rxe8 25. Qxe8+ Rf8 26. Qc6 Rf7 27.
Qxa6 Ne5 28. Qc8+ Rf8 29. Qxc7 Nf7 30. a4 h6 31. a5 Ra8 32. Qb6 1-0

[Event "DEM U16w 2008"]
[Site "Willingen GER"]
[Date "2008.05.13"]
[Round "5"]
[White "Frey, Alisa"]
[Black "Mijatovic, Andrea"]
[Result "1/2-1/2"]
[Termination "normal"]
[Board "1"]
[WhiteElo "1906"]
[BlackElo "1864"]
[PlyCount "140"]
[WhiteFideId "24634662"]
[BlackFideId "14514524"]
[EventCountry "GER"]
[EventRounds "9"]
[EventType "swiss"]
[EventDate "2008.05.10"]

1. d4 d5 2. c4 e6 3. Nc3 Nf6 4. cxd5 exd5 5. Bg5 Nbd7 6. e3 c6 7. Qc2 Be7 8.
Bd3 O-O 9. Nf3 Re8 10. O-O Nf8 11. Rab1 Ne4 12. Bxe7 Qxe7 13. b4 a6 14. a4 Ng6
15. b5 axb5 16. axb5 Bg4 17. Nd2 Nxc3 18. Qxc3 Qg5 19. f4 Qe7 20. e4 dxe4 21.
Nxe4 Ra3 22. Rb3 Rxb3 23. Qxb3 Be2 24. Bxe2 Qxe4 25. Bc4 Qxd4+ 26. Kh1 Qd7 27.
h3 Kf8 28. bxc6 bxc6 29. f5 Ne5 30. Be6 Qc7 31. Qa3+ Qe7 32. Qc3 fxe6 33. Qxe5
exf5 34. Rxf5+ Kg8 35. Qf4 Qe6 36. Kh2 h6 37. Kh1 Rc8 38. Re5 Qd7 39. Rf5 c5
40. Qc4+ Kh8 41. Rd5 Qc7 42. Kg1 Qg3 43. Rd3 Qe1+ 44. Kh2 Qb4 45. Qe6 Qf4+ 46.
Kg1 Rf8 47. Rd6 Qf7 48. Qxf7 Rxf7 49. Rc6 Rf5 50. Kh2 Kg8 51. Rc7 Rd5 52. g4
Rd2+ 53. Kg3 Rc2 54. Kf4 Kh7 55. Rc6 c4 56. g5 hxg5+ 57. Kxg5 c3 58. Kh5 Rc1
59. Kh4 c2 60. Kh5 g6+ 61. Kh4 Kh6 62. Rc5 Rg1 63. Rh5+ Kg7 64. Rh7+ Kf6 65.
Rf7+ Ke5 66. Re7+ Kd4 67. Rd7+ Kc3 68. Rc7+ Kd3 69. Rd7+ Ke2 70. Rd2+ Kf3
1/2-1/2

[Event "DEM U16w 2008"]
[Site "Willingen GER"]
[Date "2008.05.13"]
[Round "5"]
[White "Kohm, Vanessa"]
[Black "Penne, Bo"]
[Result "0-1"]
[Termination "normal"]
[Board "2"]
[WhiteElo "1773"]
[BlackElo "1854"]
[PlyCount "48"]
[WhiteFideId "4674472"]
[BlackFideId "24642193"]
[EventCountry "GER"]
[EventRounds "9"]
[EventType "swiss"]
[EventDate "2008.05.10"]

1. d4 e6 2. c4 d5 3. Nc3 Nf6 4. Bg5 Nbd7 5. e3 c6 6. Nf3 Qa5 7. Bxf6 Nxf6 8.
Rc1 Ne4 9. Qc2 Be7 10. cxd5 exd5 11. Bd3 Nxc3 12. bxc3 h6 13. O-O O-O 14. c4
dxc4 15. Bxc4 Bd6 16. Qb3 Qh5 17. Qb2 Re8 18. Rfe1 Rb8 19. Bf1 Bg4 20. Ne5 Rxe5
21. h3 Ra5 22. Qb1 Bxh3 23. gxh3 Rg5+ 24. Bg2 Qf3 0-1

[Event "DEM U16w 2008"]
[Site "Willingen GER"]
[Date "2008.05.13"]
[Round "5"]
[White "Endress, Anna"]
[Black "Stitterich, Nadine"]
[Result "1/2-1/2"]
[Termination "normal"]
[Board "3"]
[WhiteElo "2038"]
[BlackElo "1860"]
[PlyCount "58"]
[WhiteFideId "24629472"]
[BlackFideId "24676527"]
[EventCountry "GER"]
[EventRounds "9"]
[EventType "swiss"]
[EventDate "2008.05.10"]

1. e4 e5 2. Nf3 Nc6 3. Bc4 Bc5 4. d3 Nf6 5. O-O d6 6. c3 Bb6 7. Nbd2 O-O 8. Bb3
Be6 9. Bc2 d5 10. exd5 Nxd5 11. Ne4 f6 12. Re1 a6 13. Qe2 Bf7 14. Ng3 Re8 15.
Nh4 Qd7 16. Qf3 Nde7 17. Ngf5 Rad8 18. Be3 Nxf5 19. Nxf5 Bd5 20. Qg4 Be6 21.
Bb3 Bxb3 22. axb3 g6 23. Nh6+ Kg7 24. Qh4 Qxd3 25. Ng4 Qf5 26. Qh6+ Kg8 27. Qh4
Kg7 28. Qh6+ Kg8 29. Qh4 Kg7 1/2-1/2

[Event "DEM U16w 2008"]
[Site "Willingen GER"]
[Date "2008.05.13"]
[Round "5"]
[White "Nguyen Minh, Thuy"]
[Black "Smolkina, Milana"]
[Result "1/2-1/2"]
[Termination "normal"]
[Board "4"]
[WhiteElo "1758"]
[BlackElo "1871"]
[PlyCount "67"]
[WhiteFideId "24672688"]
[BlackFideId "24618780"]
[EventCountry "GER"]
[EventRounds "9"]
[EventType "swiss"]
[EventDate "2008.05.10"]

1. e4 c5 2. Nf3 d6 3. d4 cxd4 4. Nxd4 Nf6 5. Nc3 g6 6. f4 Bg7 7. e5 dxe5 8.
fxe5 Ng8 9. Bb5+ Bd7 10. e6 Bxb5 11. exf7+ Kxf7 12. Qf3+ Nf6 13. Ncxb5 Qd7 14.
Qb3+ e6 15. Bf4 Nd5 16. Bxb8 Rhxb8 17. O-O+ Kg8 18. Nf3 Rf8 19. Rad1 Qe7 20.
Rfe1 Qf6 21. Nbd4 Nf4 22. Nxe6 Nxe6 23. Rxe6 Qxb2 24. Qxb2 Bxb2 25. Rb1 Ba3 26.
Rxb7 Bc5+ 27. Kf1 Rab8 28. Rc7 Rbc8 29. Rec6 Rxc7 30. Rxc7 Bb6 31. Rd7 Rc8 32.
Rd2 Rc4 33. Ke2 Ba5 34. c3 1/2-1/2

[Event "DEM U16w 2008"]
[Site "Willingen GER"]
[Date "2008.05.13"]
[Round "5"]
[White "Dorn, Carina"]
[Black "Voss, Chantal"]
[Result "1/2-1/2"]
[Termination "normal"]
[Board "5"]
[WhiteElo "1782"]
[BlackElo "1951"]
[PlyCount "39"]
[WhiteFideId "24666335"]
[BlackFideId "4664906"]
[EventCountry "GER"]
[EventRounds "9"]
[EventType "swiss"]
[EventDate "2008.05.10"]

1. d4 d5 2. c4 e6 3. Nc3 c6 4. e3 Nf6 5. Nf3 Nbd7 6. Qc2 Bd6 7. g4 dxc4 8. Bxc4
Nd5 9. e4 Ne7 10. e5 Bc7 11. Bg5 Nb6 12. Bd3 Bd7 13. Ne4 Bc8 14. h4 h6 15. Bd2
Ned5 16. g5 Qe7 17. g6 f6 18. exf6 Nxf6 19. Ne5 Nbd5 20. Nc5 1/2-1/2

[Event "DEM U16w 2008"]
[Site "Willingen GER"]
[Date "2008.05.13"]
[Round "5"]
[White "Kinzel, Tiffany"]
[Black "Bochis, Julia"]
[Result "0-1"]
[Termination "normal"]
[Board "6"]
[WhiteElo "1659"]
[BlackElo "1916"]
[PlyCount "66"]
[WhiteFideId "4633741"]
[BlackFideId "24647276"]
[EventCountry "GER"]
[EventRounds "9"]
[EventType "swiss"]
[EventDate "2008.05.10"]

1. Nc3 c5 2. e4 a6 3. a4 d6 4. f4 Nc6 5. Bc4 Nf6 6. h3 e6 7. d3 Be7 8. Nf3 d5
9. Ba2 d4 10. Ne2 b5 11. c3 Bb7 12. Bb1 O-O 13. O-O Qb6 14. Kh1 Rad8 15. Qe1
Ne8 16. g4 Nc7 17. Ng3 c4 18. Qe2 Qc5 19. cxd4 Nxd4 20. Nxd4 Qxd4 21. Be3 cxd3
22. Bxd4 dxe2 23. Nxe2 f5 24. Bb6 Rd2 25. Bxc7 Rxe2 26. axb5 fxe4 27. bxa6 Ba8
28. Rc1 e3+ 29. Kg1 Rg2+ 30. Kf1 e2+ 31. Ke1 Bh4+ 32. Kd2 e1=Q+ 33. Kd3 Rd2+
0-1

[Event "DEM U16w 2008"]
[Site "Willingen GER"]
[Date "2008.05.13"]
[Round "5"]
[White "Blübaum, Johanna"]
[Black "Begeluri, Nino"]
[Result "0-1"]
[Termination "normal"]
[Board "8"]
[WhiteElo "1868"]
[BlackElo "1522"]
[PlyCount "88"]
[WhiteFideId "24647373"]
[EventCountry "GER"]
[EventRounds "9"]
[EventType "swiss"]
[EventDate "2008.05.10"]

1. d4 d5 2. c4 e6 3. Nc3 c5 4. cxd5 exd5 5. Nf3 Nc6 6. g3 Nf6 7. Bg2 Be7 8. O-O
O-O 9. Bg5 cxd4 10. Nxd4 h6 11. Be3 Re8 12. Nb3 Bg4 13. Re1 Bb4 14. Rc1 Ne5 15.
h3 Be6 16. a3 Bxc3 17. Rxc3 Nc4 18. Bc1 Rc8 19. Qc2 Qd7 20. Nd4 Bxh3 21. Rd1
Bxg2 22. Kxg2 Ne4 23. Rdd3 Nxc3 24. Rxc3 Qg4 25. e3 Qe4+ 26. Qxe4 dxe4 27. Kf1
Nd6 28. Bd2 Rxc3 29. Bxc3 h5 30. Kg2 g5 31. Kh3 Kh7 32. Bb4 Nc4 33. Bc3 Ne5 34.
Nb5 Nd3 35. Kg2 a6 36. Nd6 Re7 37. Kf1 Kg6 38. Nc4 f5 39. Nd2 h4 40. gxh4 gxh4
41. Kg2 Kg5 42. Nb3 Kg4 43. Nd4 Rh7 44. Kg1 h3 0-1

[Event "DEM U16w 2008"]
[Site "Willingen GER"]
[Date "2008.05.13"]
[Round "5"]
[White "Wisheckel, Lena"]
[Black "Hohmann, Louisa"]
[Result "1-0"]
[Termination "normal"]
[Board "9"]
[WhiteElo "1702"]
[BlackElo "1751"]
[PlyCount "41"]
[WhiteFideId "24691992"]
[EventCountry "GER"]
[EventRounds "9"]
[EventType "swiss"]
[EventDate "2008.05.10"]

1. e4 c5 2. Nf3 Nc6 3. d4 cxd4 4. Nxd4 Nf6 5. Nc3 e5 6. Ndb5 d6 7. Nd5 Nxd5 8.
exd5 Nb8 9. Qf3 a6 10. Qa3 Be7 11. Bd2 O-O 12. Bb4 axb5 13. Qxa8 Na6 14. Bd2
Qb6 15. Be3 Qa5+ 16. c3 b4 17. Bxa6 bxc3 18. O-O bxa6 19. bxc3 f5 20. Qc6 Bd8
21. Qxc8 1-0

[Event "DEM U16w 2008"]
[Site "Willingen GER"]
[Date "2008.05.13"]
[Round "5"]
[White "Wild, Katharina"]
[Black "Schöbel, Ulrike"]
[Result "1-0"]
[Termination "normal"]
[Board "10"]
[WhiteElo "1882"]
[BlackElo "1258"]
[PlyCount "53"]
[WhiteFideId "24678015"]
[EventCountry "GER"]
[EventRounds "9"]
[EventType "swiss"]
[EventDate "2008.05.10"]

1. c4 f5 2. Nc3 Nf6 3. g3 e6 4. Bg2 d5 5. cxd5 exd5 6. e3 c6 7. Nge2 Bd6 8. O-O
O-O 9. d3 Qc7 10. e4 fxe4 11. dxe4 dxe4 12. Nxe4 Nxe4 13. Bxe4 Bg4 14. Qc2 h6
15. Nf4 Qf7 16. Bg6 Qc7 17. Bh7+ Kh8 18. Ng6+ Kxh7 19. Nxf8+ Kg8 20. Qc4+ Kxf8
21. Qxg4 Nd7 22. Qf5+ Kg8 23. Qe6+ Kh8 24. Rd1 Nf6 25. Qxd6 Qxd6 26. Rxd6 Ne8
27. Be3 1-0

[Event "DEM U16w 2008"]
[Site "Willingen GER"]
[Date "2008.05.13"]
[Round "5"]
[White "Micklich, Rahel"]
[Black "Niemeyer, Sarah"]
[Result "0-1"]
[Termination "normal"]
[Board "11"]
[WhiteElo "1786"]
[BlackElo "1649"]
[PlyCount "50"]
[WhiteFideId "24639184"]
[BlackFideId "24692000"]
[EventCountry "GER"]
[EventRounds "9"]
[EventType "swiss"]
[EventDate "2008.05.10"]

1. d4 d5 2. c4 e6 3. Nc3 c6 4. Nf3 dxc4 5. e4 b5 6. a4 Bb4 7. Ne5 Nf6 8. Bg5 c5
9. d5 exd5 10. exd5 Qxd5 11. Bxf6 Qxd1+ 12. Rxd1 gxf6 13. Nf3 a6 14. Be2 Be6
15. O-O Bxc3 16. bxc3 b4 17. Rfe1 O-O 18. cxb4 cxb4 19. Rd4 Nc6 20. Rd6 Rfc8
21. Nd4 Nxd4 22. Rxd4 a5 23. Bf3 Rab8 24. Bd5 c3 25. Bxe6 fxe6 0-1

[Event "DEM U16w 2008"]
[Site "Willingen GER"]
[Date "2008.05.13"]
[Round "5"]
[White "Sonnhalter, Stella"]
[Black "Velina, Valeria"]
[Result "1-0"]
[Termination "normal"]
[Board "12"]
[WhiteElo "1530"]
[BlackElo "1565"]
[PlyCount "33"]
[WhiteFideId "4624815"]
[BlackFideId "24677345"]
[EventCountry "GER"]
[EventRounds "9"]
[EventType "swiss"]
[EventDate "2008.05.10"]

1. e4 c5 2. Nf3 Nc6 3. d4 cxd4 4. Nxd4 Nf6 5. Nc3 e5 6. Ndb5 d6 7. Bg5 a6 8.
Na3 b5 9. Bxf6 Qxf6 10. Nd5 Qd8 11. Bxb5 axb5 12. Nxb5 Qa5+ 13. c3 Rb8 14. b4
Nxb4 15. cxb4 Qd8 16. Nbc7+ Kd7 17. Qa4+ 1-0

[Event "DEM U16w 2008"]
[Site "Willingen GER"]
[Date "2008.05.13"]
[Round "5"]
[White "Rolfs, Rebecca"]
[Black "Falke, Cynthia"]
[Result "0-1"]
[Termination "normal"]
[Board "13"]
[WhiteElo "1215"]
[BlackElo "1227"]
[PlyCount "84"]
[WhiteFideId "24658219"]
[BlackFideId "24600644"]
[EventCountry "GER"]
[EventRounds "9"]
[EventType "swiss"]
[EventDate "2008.05.10"]

1. e4 e5 2. Nf3 Nc6 3. Bc4 Nf6 4. d3 Be7 5. Be3 d6 6. h3 Na5 7. Bb3 Nxb3 8.
axb3 b6 9. O-O Bb7 10. Nc3 O-O 11. Nd2 c5 12. f4 Qc7 13. fxe5 dxe5 14. Qf3 Bc8
15. Nd5 Nxd5 16. exd5 f5 17. c4 Qd6 18. Rae1 Qg6 19. Kh2 Bd6 20. Kh1 Bd7 21.
Nb1 f4 22. Bf2 Bf5 23. Rd1 Rae8 24. Nc3 Qh6 25. Rfe1 g5 26. Kg1 Kh8 27. Ra1 Re7
28. Nb5 Bb8 29. d4 e4 30. Qc3 e3 31. Kf1 cxd4 32. Nxd4 Be5 33. Bg1 Qf6 34. Rad1
Rd7 35. b4 Rc8 36. b3 b5 37. Ke2 g4 38. Kf1 gxh3 39. gxh3 Bxh3+ 40. Ke2 Bg4+
41. Kd3 Qg6+ 42. Nf5 Qxf5# 0-1

[Event "DEM U16w 2008"]
[Site "Willingen GER"]
[Date "2008.05.14"]
[Round "6"]
[White "Penne, Bo"]
[Black "Mijatovic, Andrea"]
[Result "1-0"]
[Termination "normal"]
[Board "1"]
[WhiteElo "1854"]
[BlackElo "1864"]
[PlyCount "95"]
[WhiteFideId "24642193"]
[BlackFideId "14514524"]
[EventCountry "GER"]
[EventRounds "9"]
[EventType "swiss"]
[EventDate "2008.05.10"]

1. e4 c5 2. Nf3 d6 3. Bb5+ Nd7 4. O-O Ngf6 5. Re1 e6 6. b3 Be7 7. Bb2 O-O 8. d4
cxd4 9. Nxd4 Qc7 10. Bf1 Nc5 11. Nd2 b6 12. g3 Bb7 13. Bg2 Rfd8 14. c4 Nd3 15.
Re2 Nxb2 16. Qc2 Nxc4 17. bxc4 Rac8 18. Rc1 Ba6 19. Re3 Ng4 20. Ra3 Qb7 21. Qa4
Bxc4 22. Rxc4 Rxc4 23. Nxc4 d5 24. Qxa7 Qxa7 25. Rxa7 Bc5 26. Ne3 Nf6 27. Nc6
Rc8 28. exd5 exd5 29. Nxd5 Re8 30. Nxf6+ gxf6 31. Bf3 Re6 32. Bd5 Rd6 33. Bf3
Rd2 34. Bh5 Rxf2 35. Bxf7+ Kf8 36. Kh1 Rd2 37. Bb3 Ke8 38. Rxh7 Rd6 39. Ba4 Kf8
40. Rh8+ Kg7 41. Rd8 Re6 42. Bb3 Re1+ 43. Kg2 Rc1 44. Rd2 Re1 45. Kf3 Re3+ 46.
Kf4 Re8 47. Rd7+ Kf8 48. Kf5 1-0

[Event "DEM U16w 2008"]
[Site "Willingen GER"]
[Date "2008.05.14"]
[Round "6"]
[White "Endress, Anna"]
[Black "Frey, Alisa"]
[Result "1-0"]
[Termination "normal"]
[Board "2"]
[WhiteElo "2038"]
[BlackElo "1906"]
[PlyCount "73"]
[WhiteFideId "24629472"]
[BlackFideId "24634662"]
[EventCountry "GER"]
[EventRounds "9"]
[EventType "swiss"]
[EventDate "2008.05.10"]

1. e4 e5 2. Nf3 Nc6 3. Bc4 Nf6 4. d3 Be7 5. O-O O-O 6. Nbd2 d6 7. c3 Na5 8. Bb5
c5 9. Re1 Nc6 10. Nf1 Re8 11. Ng3 Bf8 12. d4 cxd4 13. cxd4 Bg4 14. Bg5 Bxf3 15.
gxf3 h6 16. d5 Qb6 17. dxc6 Qxb5 18. cxb7 Qxb7 19. Bxf6 gxf6 20. Qd2 Kh7 21.
Nf5 Rad8 22. Red1 d5 23. exd5 e4 24. fxe4 Rxe4 25. Qd3 Rxd5 26. Qxd5 Re1+ 27.
Kg2 Qxd5+ 28. Rxd5 Rxa1 29. Ra5 Rb1 30. b3 Rb2 31. Kg3 Bb4 32. Rxa7 Bc5 33.
Rxf7+ Kg6 34. Rc7 Bxf2+ 35. Kg4 h5+ 36. Kf4 h4 37. Kg4 1-0

[Event "DEM U16w 2008"]
[Site "Willingen GER"]
[Date "2008.05.14"]
[Round "6"]
[White "Stitterich, Nadine"]
[Black "Voss, Chantal"]
[Result "0-1"]
[Termination "normal"]
[Board "3"]
[WhiteElo "1860"]
[BlackElo "1951"]
[PlyCount "166"]
[WhiteFideId "24676527"]
[BlackFideId "4664906"]
[EventCountry "GER"]
[EventRounds "9"]
[EventType "swiss"]
[EventDate "2008.05.10"]

1. e4 e6 2. d3 d5 3. Nd2 Nf6 4. Ngf3 Nc6 5. c3 e5 6. exd5 Nxd5 7. Ne4 Be7 8.
Be2 h6 9. O-O O-O 10. Qc2 Bf5 11. a3 a5 12. Bd2 Bh7 13. Qb3 f5 14. Ng3 Qd7 15.
Rad1 Kh8 16. Bc1 Bg8 17. Qc2 Bd6 18. Nh4 Bh7 19. Nf3 Nf4 20. d4 Nxe2+ 21. Qxe2
e4 22. Nd2 Rae8 23. Rfe1 Qd8 24. Qb5 Qc8 25. b3 Rf7 26. Bb2 Rfe7 27. Nc4 f4 28.
Nxd6 cxd6 29. Ne2 Qg4 30. Bc1 f3 31. Ng3 fxg2 32. Kxg2 Qf3+ 33. Kg1 Qxc3 34.
Bd2 Qf3 35. Be3 Qf7 36. Rc1 Bg6 37. Red1 Rf8 38. b4 axb4 39. axb4 Ra8 40. Rb1
Ra2 41. Qf1 Re8 42. Qe1 Ne7 43. Rd2 Rxd2 44. Qxd2 Nf5 45. Ra1 Nxg3 46. fxg3 Rf8
47. Bf4 Qf6 48. Rc1 Bf5 49. h4 Rc8 50. Rxc8+ Bxc8 51. Kh2 Bg4 52. Qe3 Qe6 53.
Qd2 Kh7 54. Qc2 Bf3 55. Be3 Qd7 56. Qd2 Qa4 57. Qe1 Qc2+ 58. Bd2 Qd3 59. Qf2
Kg6 60. Be1 Qb1 61. Qe3 Qb2+ 62. Qf2 Qc1 63. Qd2 Qc4 64. Qf2 Kh5 65. Kh3 g5 66.
hxg5 hxg5 67. Kh2 Kg4 68. Kg1 Qd3 69. Qd2 Qxd2 70. Bxd2 Kxg3 71. Bxg5 Be2 72.
Be7 d5 73. Bg5 Ba6 74. Bd2 Kf3 75. Bc3 e3 76. Be1 Ke4 77. Bc3 Kd3 78. Be1 Kxd4
79. Kg2 Ke4 80. Kg1 d4 81. Kg2 Be2 82. Kg1 d3 83. Bc3 d2 0-1

[Event "DEM U16w 2008"]
[Site "Willingen GER"]
[Date "2008.05.14"]
[Round "6"]
[White "Bochis, Julia"]
[Black "Nguyen Minh, Thuy"]
[Result "1-0"]
[Termination "normal"]
[Board "4"]
[WhiteElo "1916"]
[BlackElo "1758"]
[PlyCount "51"]
[WhiteFideId "24647276"]
[BlackFideId "24672688"]
[EventCountry "GER"]
[EventRounds "9"]
[EventType "swiss"]
[EventDate "2008.05.10"]

1. e4 c5 2. Nf3 d6 3. d4 cxd4 4. Nxd4 Nf6 5. Nc3 a6 6. f3 e6 7. Be3 Be7 8. Qd2
Qc7 9. O-O-O b5 10. g4 Nfd7 11. h4 Ne5 12. Bd3 Nc4 13. Bxc4 bxc4 14. g5 Nd7 15.
h5 Rb8 16. g6 Nf6 17. Rdg1 h6 18. Qg2 Bf8 19. f4 fxg6 20. e5 Nd5 21. Nxd5 exd5
22. e6 Qb7 23. Qxg6+ Kd8 24. b3 cxb3 25. axb3 Qc7 26. Bd2 1-0

[Event "DEM U16w 2008"]
[Site "Willingen GER"]
[Date "2008.05.14"]
[Round "6"]
[White "Smolkina, Milana"]
[Black "Kohm, Vanessa"]
[Result "1-0"]
[Termination "normal"]
[Board "5"]
[WhiteElo "1871"]
[BlackElo "1773"]
[PlyCount "87"]
[WhiteFideId "24618780"]
[BlackFideId "4674472"]
[EventCountry "GER"]
[EventRounds "9"]
[EventType "swiss"]
[EventDate "2008.05.10"]

1. e4 c5 2. Nf3 Nc6 3. d4 cxd4 4. Nxd4 Nf6 5. Nc3 e6 6. Ndb5 Bb4 7. a3 Bxc3+ 8.
Nxc3 d5 9. exd5 exd5 10. Bd3 O-O 11. O-O Bg4 12. f3 Be6 13. Bg5 Qb6+ 14. Kh1
Nd7 15. f4 f5 16. Qf3 Qc5 17. Rae1 Rae8 18. Qh3 d4 19. Nb5 Ncb8 20. b4 Qb6 21.
Rxe6 Rxe6 22. Bxf5 Rxf5 23. Qxf5 Rg6 24. Re1 h6 25. Re8+ Kh7 26. Qd5 Nf6 27.
Bxf6 Rxf6 28. Rxb8 Rxf4 29. Qg8+ Kg6 30. Qe8+ Kh7 31. Qe2 Qe6 32. Qd3+ g6 33.
Rxb7+ Kg8 34. Rb8+ Kf7 35. Rb7+ Kf6 36. h3 Qe1+ 37. Kh2 Rf1 38. Qxd4+ Kg5 39.
Qg4+ Kf6 40. Qd4+ Kg5 41. Qd8+ Rf6 42. Re7 Qf2 43. Re5+ Kh4 44. Qxf6+ 1-0

[Event "DEM U16w 2008"]
[Site "Willingen GER"]
[Date "2008.05.14"]
[Round "6"]
[White "Mertens, Pauline"]
[Black "Dorn, Carina"]
[Result "1-0"]
[Termination "normal"]
[Board "6"]
[WhiteElo "1908"]
[BlackElo "1782"]
[PlyCount "49"]
[WhiteFideId "24671959"]
[BlackFideId "24666335"]
[EventCountry "GER"]
[EventRounds "9"]
[EventType "swiss"]
[EventDate "2008.05.10"]

1. e4 c6 2. d4 d5 3. exd5 cxd5 4. c4 Nf6 5. Nc3 e6 6. Nf3 Nc6 7. a3 Be7 8. c5
b6 9. Bb5 Bd7 10. b4 bxc5 11. bxc5 O-O 12. O-O Qc7 13. Re1 Rab8 14. Qc2 Qa5 15.
Bd3 Rb7 16. Bd2 Qc7 17. Nb5 Qb8 18. Rab1 Re8 19. Nc3 Bf8 20. Rxb7 Qxb7 21. Rb1
Qc7 22. Nb5 Qc8 23. Bf4 g6 24. Bd6 Bg7 25. Nc7 1-0

[Event "DEM U16w 2008"]
[Site "Willingen GER"]
[Date "2008.05.14"]
[Round "6"]
[White "Niemeyer, Sarah"]
[Black "Wild, Katharina"]
[Result "0-1"]
[Termination "normal"]
[Board "7"]
[WhiteElo "1649"]
[BlackElo "1882"]
[PlyCount "62"]
[WhiteFideId "24692000"]
[BlackFideId "24678015"]
[EventCountry "GER"]
[EventRounds "9"]
[EventType "swiss"]
[EventDate "2008.05.10"]

1. e4 c6 2. d4 d5 3. f3 dxe4 4. fxe4 e6 5. Nf3 Be7 6. Bd3 a6 7. O-O b5 8. c3
Bb7 9. Ne5 Nf6 10. Qf3 c5 11. Be3 Nbd7 12. Qg3 O-O 13. Bh6 Ne8 14. Nf3 cxd4 15.
cxd4 Ndf6 16. e5 Ne4 17. Qg4 Nc5 18. Bc2 Na4 19. Qh3 Bxf3 20. Qxf3 Qxd4+ 21.
Kh1 Rc8 22. Na3 Bxa3 23. Bxh7+ Kxh7 24. Qxa3 b4 25. Qxa4 gxh6 26. Qxa6 Nc7 27.
Rxf7+ Rxf7 28. Qxc8 Qxb2 29. Rd1 Qe2 30. Rg1 Qxe5 31. Qb7 Qf4 0-1

[Event "DEM U16w 2008"]
[Site "Willingen GER"]
[Date "2008.05.14"]
[Round "6"]
[White "Begeluri, Nino"]
[Black "Wisheckel, Lena"]
[Result "1-0"]
[Termination "normal"]
[Board "8"]
[WhiteElo "1522"]
[BlackElo "1702"]
[PlyCount "79"]
[BlackFideId "24691992"]
[EventCountry "GER"]
[EventRounds "9"]
[EventType "swiss"]
[EventDate "2008.05.10"]

1. e4 e5 2. Nf3 Nf6 3. Bc4 Nxe4 4. Nc3 Nxc3 5. dxc3 c6 6. O-O d5 7. Nxe5 Bd6 8.
Re1 O-O 9. Bd3 Re8 10. Nf3 Bg4 11. Be3 Nd7 12. Bxh7+ Kf8 13. Bd3 Ne5 14. h3
Bxf3 15. gxf3 Qh4 16. Bf1 Re6 17. Bg2 Rg6 18. Kf1 Re8 19. Qd4 Qf6 20. f4 Nc4
21. Qxa7 Bxf4 22. Bc5+ Bd6 23. Rxe8+ Kxe8 24. Re1+ Kd8 25. Bb6+ Nxb6 26. Qxb6+
Kc8 27. Re8+ Kd7 28. Ra8 Qg5 29. Qxb7+ Bc7 30. Qc8+ Kd6 31. Qf8+ Ke6 32. Re8+
Kf6 33. Qe7+ Kf5 34. Qxg5+ Kxg5 35. Re7 Bb6 36. Rxf7 Kh6 37. a4 Re6 38. b4 Kg6
39. Rd7 Rf6 40. f3 1-0

[Event "DEM U16w 2008"]
[Site "Willingen GER"]
[Date "2008.05.14"]
[Round "6"]
[White "Falke, Cynthia"]
[Black "Lingl, Xenia"]
[Result "1-0"]
[Termination "normal"]
[Board "9"]
[WhiteElo "1227"]
[BlackElo "1633"]
[PlyCount "60"]
[WhiteFideId "24600644"]
[EventCountry "GER"]
[EventRounds "9"]
[EventType "swiss"]
[EventDate "2008.05.10"]

1. e4 d5 2. exd5 Nf6 3. Nf3 Bg4 4. Be2 Nxd5 5. d3 e6 6. Be3 Nd7 7. Nbd2 Qe7 8.
c3 h6 9. Qa4 f5 10. Nc4 Nxe3 11. Nxe3 Bxf3 12. Bxf3 c6 13. Bh5+ Kd8 14. O-O-O
Nc5 15. Qd4+ Qd6 16. Qxd6+ Bxd6 17. Nc4 Bf4+ 18. Kc2 Ke7 19. Rde1 Kf6 20. Re2
Rad8 21. Rd1 Rhg8 22. b4 Na4 23. Rde1 b5 24. Na5 e5 25. g3 e4 26. dxe4 Be5 27.
Re3 f4 28. gxf4 Bxf4 29. e5+ Kg5 30. Rg1+ Kxh5 1-0